DC power supplies : application and theory /
Guardado en:
| Autor Principal: | |
|---|---|
| Formato: | Libro |
| Idioma: | English |
| Publicado: |
Reston, Va. :
Reston Pub. Co.,
c1979.
|
| Materias: | |
| Etiquetas: |
Agregar Etiqueta
Sin Etiquetas, Sea el primero en etiquetar este registro!
|
| LEADER | 00868cam a22002535a 4500 | ||
|---|---|---|---|
| 001 | EIQ.libpla001170 | ||
| 008 | 781222s1979####vaua##########001#0#eng#d | ||
| 005 | 20060814155311.0 | ||
| 245 | 1 | 0 | |a DC power supplies : |b application and theory / |c Robert J. Traister. |
| 260 | |a Reston, Va. : |b Reston Pub. Co., |c c1979. | ||
| 300 | |a xi, 234 p. : |b il. ; |c 24 cm. | ||
| 500 | |a Incluye índice. | ||
| 020 | |a 0835912752 | ||
| 100 | 1 | |a Traister, Robert J. | |
| 082 | 0 | 0 | |a 621.31/042 |
| 650 | 4 | |a Electrónica |x Aparatos y aplicaciones. | |
| 650 | 4 | |a Electrónica |x Corriente directa. | |
| 650 | 4 | |a Electrónica |x Fuente de alimentación. | |
| 650 | 4 | |a Electronics |x Apparatus and appliances | |
| 650 | 4 | |a Electronics |x Direct current. | |
| 650 | 4 | |a Electronics |x Power supply. | |
| 010 | |a 78031529 | ||
| 040 | |a DLC |c DLC |d AR-BbSID | ||
| 859 | |a AR-BbSID |b BIB. PLAPIQUI |h 621.31 |i T 68 |p 2418 | ||
